5 by 5 Movies by Actor II Quiz Stats

 Plays Quiz Updated Aug 13, 2018

Score 0/25 Timer 05:00
1 Play Today
Hint Answer % Correct
Will SmithMen in Black
96.4%
The Mask
96.1%
Dr. Seuss' How the Grinch Stole Christmas
95%
Aladdin
94.7%
Robin WilliamsMrs. Doubtfire
94.3%
Jim CarreyAce Ventura: Pet Detective
91.1%
Night at the Museum
86.7%
The Truman Show
82.4%
Robert De NiroMeet the Parents
81.4%
Gravity
80.8%
Independence Day
79.2%
George ClooneyOcean's Eleven
78.5%
Taxi Driver
77.6%
Hint Answer % Correct
Good Will Hunting
77.5%
Bruce Almighty
76.2%
Raging Bull
74.8%
I Am Legend
74.7%
Fantastic Mr. Fox
71.9%
Batman and Robin
70.9%
The Godfather Part II
68.2%
Jumanji
67.1%
Goodfellas
67%
O Brother, Where Art Thou?
61.9%
Hancock
59.2%
Hitch
58.9%

You're not logged in!

Compare scores with friends on all Sporcle quizzes.
OR
Log In

Sporcle TV

Today on Sporcle TV


Watch our educational content, quiz creation guides, and fun videos on Sporcle TV.

Show Comments

Extras

Top Quizzes Today


Score Distribution

Your Account Isn't Verified!

In order to create a playlist on Sporcle, you need to verify the email address you used during registration. Go to your Sporcle Settings to finish the process.

Report this User

Report this user for behavior that violates our Community Guidelines.

Details: